[Event "XVI Abierto de la Constitucion"]
[Site "San Sebastian de los Reyes"]
[Date "2014.12.06"]
[Round "7.17"]
[White "Benito Mellado, Humberto"]
[Black "De Dompablo Fantova, Juan"]
[Result "1-0"]
[WhiteElo "1500"]
[BlackElo "1737"]
[PlyCount "77"]
[EventDate "2014.11.30"]

1. d4 Nf6 2. c4 g6 3. g3 Bg7 4. Bg2 O-O 5. Nf3 d6 6. O-O c6 7. Nbd2 Nbd7 8. Re1
e5 9. e3 Re8 10. Qc2 exd4 11. exd4 d5 12. b3 dxc4 13. Nxc4 Nb6 14. Bb2 Bf5 15.
Qd2 Qc7 16. Nfe5 Rad8 17. f4 Nfd7 18. Qa5 Qb8 19. Rad1 Be6 20. Ba3 Nxc4 21.
bxc4 Nb6 22. d5 cxd5 23. cxd5 Bf5 24. d6 Bxe5 25. fxe5 Nc4 26. Qc3 Nxa3 27.
Qxa3 Bd7 28. Bd5 Rc8 29. Qf3 Rf8 30. Bxb7 Bc6 31. Bxc6 Qb6+ 32. Kg2 Qxc6 33.
Qxc6 Rxc6 34. Re2 Re8 35. Kf3 Rc3+ 36. Ke4 f6 37. d7 Rd8 38. e6 Kf8 39. e7+ 1-0

[Event "XVI Abierto de la Constitucion"]
[Site "San Sebastian de los Reyes"]
[Date "2014.12.06"]
[Round "7.18"]
[White "Asins Martin, Jose"]
[Black "Yeves Miquel, Enrique"]
[Result "0-1"]
[WhiteElo "1264"]
[BlackElo "1732"]
[PlyCount "68"]
[EventDate "2014.11.30"]

1. Nf3 c5 2. g3 Nc6 3. c4 g6 4. Bg2 Bg7 5. O-O e5 6. e4 Nge7 7. Nc3 O-O 8. d3
d6 9. Bg5 f6 10. Be3 Nd4 11. Bxd4 cxd4 12. Nd5 Nc6 13. b4 a6 14. a4 Ne7 15. Nd2
f5 16. f4 Bh6 17. Nxe7+ Qxe7 18. c5 dxc5 19. bxc5 Qxc5 20. Rc1 Qe7 21. Qb3+ Be6
22. Qb6 Rf7 23. Rc2 exf4 24. gxf4 Rd8 25. e5 Bd5 26. Bxd5 Rxd5 27. Rc8+ Kg7 28.
e6 Rd6 29. exf7 Rxb6 30. f8=Q+ Qxf8 31. Rxf8 Kxf8 32. Nb3 Rxb3 33. Rc1 Bxf4 34.
Rc8+ Kg7 0-1

[Event "XVI Abierto de la Constitucion"]
[Site "San Sebastian de los Reyes"]
[Date "2014.12.06"]
[Round "7.20"]
[White "Rodriguez Bachiller, Luis"]
[Black "Martin Rodriguez, Jose Luis"]
[Result "1-0"]
[WhiteElo "1724"]
[BlackElo "1411"]
[PlyCount "91"]
[EventDate "2014.11.30"]

1. Nf3 Nf6 2. g3 d5 3. c4 e6 4. Bg2 Nc6 5. b3 Bd7 6. O-O Be7 7. Bb2 O-O 8. d3
Bd6 9. Nc3 Re8 10. e3 a5 11. d4 dxc4 12. bxc4 b6 13. Ne5 Bxe5 14. dxe5 Nxe5 15.
Bxa8 Qxa8 16. f4 Nxc4 17. Qe2 Nxb2 18. Qxb2 h5 19. Nb5 Bxb5 20. Qxb5 Qd5 21.
Qe2 Qe4 22. Qf3 Qxf3 23. Rxf3 Rd8 24. Rff1 Kf8 25. Rad1 Ke7 26. Rxd8 Kxd8 27.
Rd1+ Ke7 28. Kg2 Ne4 29. Kf3 f5 30. h3 Nf6 31. Rc1 c5 32. Rb1 Nd7 33. e4 c4 34.
exf5 exf5 35. Ke3 Kd6 36. a4 Kc5 37. Rb5+ Kc6 38. Rxf5 Nc5 39. Kd4 Nb7 40. Rxh5
Nd6 41. g4 b5 42. axb5+ Kb6 43. Rc5 a4 44. Rc6+ Kxb5 45. Rxd6 a3 46. Kc3 1-0

[Event "XVI Abierto de la Constitucion"]
[Site "San Sebastian de los Reyes"]
[Date "2014.12.06"]
[Round "7.22"]
[White "Doval Mancheño, Pablo"]
[Black "Guillo Sanchez-Galiano, Ernesto"]
[Result "1-0"]
[WhiteElo "1458"]
[BlackElo "1165"]
[PlyCount "51"]
[EventDate "2014.11.30"]

1. e4 e5 2. Nf3 Nc6 3. Bc4 f6 4. d4 exd4 5. Nxd4 Nxd4 6. Qxd4 Ne7 7. Nc3 d6 8.
f4 Nc6 9. Qd5 Qe7 10. Be3 Be6 11. Qxe6 a6 12. Nd5 Qxe6 13. Nxc7+ Kd7 14. Nxe6
Re8 15. f5 b5 16. Bd5 g6 17. O-O-O gxf5 18. exf5 Rg8 19. Nc5+ dxc5 20. Bxg8+
Bd6 21. Bxc5 Rxg8 22. Rxd6+ Kc7 23. Rhd1 Rd8 24. Rxd8 Nxd8 25. Be7 Nf7 26. Bxf6
1-0

[Event "XVI Abierto de la Constitucion"]
[Site "San Sebastian de los Reyes"]
[Date "2014.12.07"]
[Round "8.1"]
[White "Martin Duque, Jesus"]
[Black "Perez Mitjans, Orelvis"]
[Result "1-0"]
[WhiteElo "2357"]
[BlackElo "2463"]
[PlyCount "79"]
[EventDate "2014.11.30"]

1. e4 e5 2. Nf3 Nc6 3. Bc4 Nf6 4. d3 Bc5 5. c3 d6 6. Nbd2 a6 7. Bb3 O-O 8. Nf1
h6 9. Ng3 d5 10. Qe2 d4 11. O-O Re8 12. h3 Be6 13. Nh4 Bf8 14. Nhf5 Kh7 15. f4
exf4 16. Bxf4 dxc3 17. bxc3 g6 18. Ne3 g5 19. Bxg5 hxg5 20. Nh5 Ng8 21. Bxe6
fxe6 22. Rf7+ Kg6 23. Raf1 Ne5 24. Ng3 g4 25. Nxg4 Nxg4 26. Qxg4+ Qg5 27. Qf3
Bh6 28. Kh1 Rf8 29. e5 Bg7 30. Ne4 Qh4 31. Nc5 Bf6 32. Rxf8 Rxf8 33. Nxe6 Re8
34. Qf5+ Kf7 35. Ng5+ Kf8 36. exf6 Re1 37. Qc8+ Re8 38. Qxe8+ Kxe8 39. f7+ Kf8
40. Ne6+ 1-0

[Event "XVI Abierto de la Constitucion"]
[Site "San Sebastian de los Reyes"]
[Date "2014.12.07"]
[Round "8.2"]
[White "Valles Moreno, Ivan"]
[Black "Lopez De Turiso, Jose Angel"]
[Result "1-0"]
[WhiteElo "2391"]
[BlackElo "2090"]
[PlyCount "82"]
[EventDate "2014.11.30"]

1. d4 f5 2. Qd3 e6 3. e4 fxe4 4. Qxe4 Nf6 5. Qh4 b6 6. Bd3 Bb7 7. Nf3 Bxf3 8.
gxf3 Nc6 9. a3 Qe7 10. Nc3 O-O-O 11. Bg5 Qf7 12. O-O-O Be7 13. Kb1 Ne8 14. d5
Bxg5 15. Qxg5 exd5 16. Nxd5 Qxf3 17. Rhf1 h6 18. Qh4 Nd6 19. Ba6+ Nb7 20. Rd3
Qf5 21. Rfd1 Kb8 22. b4 g5 23. Qg3 Qe5 24. Qg2 Nd6 25. Re3 Qg7 26. Qg3 Qg6 27.
Red3 Rhe8 28. h4 Ne5 29. Nxc7 Nxd3 30. Nxe8 Rxe8 31. Rxd3 Re1+ 32. Kb2 Re6 33.
Bc4 Rf6 34. hxg5 hxg5 35. Qe5 Kc8 36. Ba6+ Kd8 37. Qd4 Re6 38. Bc4 Nxc4+ 39.
Qxc4 Rc6 40. Qd5 Qf6+ 41. c3 Rc7 {Tiempo.} 1-0

[Event "XVI Abierto de la Constitucion"]
[Site "San Sebastian de los Reyes"]
[Date "2014.12.07"]
[Round "8.3"]
[White "Hernando Pertierra, Jose C."]
[Black "Martin Rodriguez, Emilio"]
[Result "1-0"]
[WhiteElo "2382"]
[BlackElo "2086"]
[PlyCount "67"]
[EventDate "2014.11.30"]

1. c4 c6 2. Nf3 d5 3. b3 Nf6 4. Bb2 g6 5. cxd5 cxd5 6. Bxf6 exf6 7. g3 d4 8.
Bg2 Nc6 9. O-O Bg7 10. Na3 O-O 11. Rc1 d3 12. exd3 Qxd3 13. Nc4 f5 14. Re1 f4
15. Nfe5 Nxe5 16. Nxe5 Bxe5 17. Rxe5 fxg3 18. hxg3 a5 19. Qc2 Qd6 20. Rd5 Qa3
21. Rb5 Bf5 22. Qc5 Qxa2 23. Bxb7 Rae8 24. Qc3 Rd8 25. Bd5 Rc8 26. Bc4 Qa3 27.
Rxa5 Qd6 28. Re1 Rfe8 29. Re3 Rxe3 30. Qxe3 h5 31. Re5 Rc7 32. d4 Rd7 33. Qh6
Re7 34. Rxf5 1-0

[Event "XVI Abierto de la Constitucion"]
[Site "San Sebastian de los Reyes"]
[Date "2014.12.07"]
[Round "8.4"]
[White "Largo Barbero, Benito"]
[Black "Roa Alonso, Santiago"]
[Result "0-1"]
[WhiteElo "1929"]
[BlackElo "2387"]
[PlyCount "68"]
[EventDate "2014.11.30"]

1. Nc3 c5 2. e4 e6 3. g3 d5 4. d3 d4 5. Nce2 e5 6. Bg2 Nc6 7. f4 Bd6 8. Nf3 Bg4
9. h3 Bxf3 10. Bxf3 Nf6 11. f5 h6 12. Bd2 Qb6 13. Rb1 Qa6 14. Nc1 Nd7 15. a3 b5
16. O-O Nb6 17. Bh5 Qb7 18. Qg4 Kf8 19. Ne2 Nd7 20. Bxf7 Nf6 21. Qh4 Qxf7 22.
g4 Ke7 23. Qg3 Kd7 24. c3 Qb3 25. Rfc1 Rac8 26. g5 hxg5 27. Bxg5 Qf7 28. cxd4
exd4 29. Qg2 Ne5 30. Nf4 Nh7 31. h4 Nxg5 32. hxg5 Rh4 33. Ng6 Nxg6 34. fxg6 Qe6
0-1

[Event "XVI Abierto de la Constitucion"]
[Site "San Sebastian de los Reyes"]
[Date "2014.12.07"]
[Round "8.5"]
[White "Cardenas Serrano, Sergio"]
[Black "Alfaya Marcelo, Roberto"]
[Result "1-0"]
[WhiteElo "2100"]
[BlackElo "1995"]
[PlyCount "63"]
[EventDate "2014.11.30"]

1. e4 c5 2. Nc3 d6 3. f4 Nc6 4. Nf3 g6 5. Bb5 Bg7 6. O-O Bd7 7. Bxc6 Bxc6 8. d3
Nf6 9. Qe1 O-O 10. Qh4 e6 11. f5 exf5 12. Bg5 h6 13. Bxh6 Nxe4 14. Bxg7 Kxg7
15. dxe4 Qxh4 16. Nxh4 fxe4 17. Rad1 Rad8 18. Nd5 b5 19. g3 Rfe8 20. Ng2 Re5
21. Nge3 f5 22. Rf2 Rd7 23. h4 Re8 24. h5 Rf8 25. Nf4 Rf6 26. Nxg6 d5 27. Nxf5+
Kh7 28. Nfe7 Rdd6 29. Rxf6 Rxf6 30. Nxc6 d4 31. Nce5 e3 32. Nf4 1-0

[Event "XVI Abierto de la Constitucion"]
[Site "San Sebastian de los Reyes"]
[Date "2014.12.07"]
[Round "8.6"]
[White "Quevedo Marin, Manuel"]
[Black "Camarero Izquierdo, Juan Carlos"]
[Result "1-0"]
[WhiteElo "2192"]
[BlackElo "1828"]
[PlyCount "119"]
[EventDate "2014.11.30"]

1. d4 b6 2. e4 Bb7 3. Nd2 Nf6 4. e5 Nd5 5. Ngf3 e6 6. Nc4 c5 7. Ng5 b5 8. Na3
a6 9. Qf3 Qe7 10. c4 b4 11. Nb1 Nc6 12. cxd5 Nxd4 13. Qd3 Bxd5 14. Ne4 Qh4 15.
Nbd2 Bc6 16. g3 Qh5 17. Bg2 Qxe5 18. Nc4 Qh5 19. O-O Bxe4 20. Qxe4 d5 21. Qb1
Be7 22. Nd2 O-O 23. Qd3 Ne2+ 24. Kh1 c4 25. Qe3 Nxc1 26. Raxc1 Bf6 27. Nxc4
dxc4 28. Bxa8 Rxa8 29. Rxc4 a5 30. Rc5 Qg4 31. Rfc1 h5 32. f3 Qh3 33. Qe4 Rf8
34. b3 Bc3 35. Qh4 Qxh4 36. gxh4 a4 37. bxa4 Rd8 38. Rc2 Rd1+ 39. Kg2 Bd4 40.
Rxh5 f5 41. Rg5 Be3 42. f4 Bxf4 43. Rg6 Kf7 44. h5 Rd3 45. Rc6 Ra3 46. Rcxe6
Rxa2+ 47. Kf3 Bxh2 48. Rb6 Rxa4 49. Rb7+ Kf8 50. Rgxg7 Ra3+ 51. Kg2 Ra2+ 52.
Kh3 Be5 53. Rgf7+ Kg8 54. Rxf5 Rh2+ 55. Kg4 Bc3 56. Ra5 Rf2 57. Ra8+ Rf8 58.
Rxf8+ Kxf8 59. h6 Kg8 60. Kf5 1-0

[Event "XVI Abierto de la Constitucion"]
[Site "San Sebastian de los Reyes"]
[Date "2014.12.07"]
[Round "8.7"]
[White "Ruiz Sanchez, Roberto"]
[Black "Cabañas Bravo, Juan Andres"]
[Result "0-1"]
[WhiteElo "1940"]
[BlackElo "2058"]
[PlyCount "64"]
[EventDate "2014.11.30"]

1. e4 e5 2. Nf3 Nc6 3. Bb5 Bc5 4. O-O Nd4 5. Nxd4 Bxd4 6. c3 Bb6 7. d4 c6 8.
Ba4 d6 9. Kh1 Nf6 10. Qd3 Qe7 11. Nd2 O-O 12. Bc2 Re8 13. a4 a5 14. Nc4 Bc7 15.
f3 Nh5 16. f4 b5 17. Na3 Qh4 18. fxe5 dxe5 19. g3 Qh3 20. Bd2 exd4 21. e5 Bxe5
22. Qxh7+ Kf8 23. Bf4 Nxf4 24. gxf4 Bf6 25. Qxh3 Bxh3 26. Rfb1 dxc3 27. axb5
Re2 28. bxc3 Bxc3 29. Be4 Rxe4 30. Ra2 cxb5 31. Nxb5 Re1+ 32. Rxe1 Bxe1 0-1

[Event "XVI Abierto de la Constitucion"]
[Site "San Sebastian de los Reyes"]
[Date "2014.12.07"]
[Round "8.8"]
[White "Guillo Longares, Cecilia"]
[Black "Bustos Serrano, Doroteo"]
[Result "1-0"]
[WhiteElo "1731"]
[BlackElo "2057"]
[PlyCount "83"]
[EventDate "2014.11.30"]

1. d4 d6 2. c4 g6 3. Nc3 Bg7 4. Nf3 Nd7 5. e4 e5 6. d5 Ne7 7. Be2 f5 8. Bg5 Nf6
9. Bxf6 Bxf6 10. O-O O-O 11. Rc1 Kg7 12. b4 Bd7 13. c5 g5 14. exf5 Nxf5 15. Ne4
h6 16. h3 Be7 17. g4 Nh4 18. Nxh4 gxh4 19. Qc2 Be8 20. cxd6 Bxd6 21. Qc3 Qe7
22. a3 Rf4 23. f3 Bg6 24. Qe3 Bxe4 25. fxe4 a5 26. Rxf4 exf4 27. Qc3+ Be5 28.
Qb3 axb4 29. axb4 Kg6 30. Bf3 Qf6 31. Kg2 Qa6 32. Rc2 Qb6 33. Rc1 Bd6 34. Rb1
Bxb4 35. Qc4 Qc5 36. Rxb4 Qe3 37. Qe2 Qc1 38. Rc4 Qb1 39. e5 Kg5 40. Be4 Qb3
41. Qd3 Ra2+ 42. Kf3 1-0

[Event "XVI Abierto de la Constitucion"]
[Site "San Sebastian de los Reyes"]
[Date "2014.12.07"]
[Round "8.9"]
[White "Lopez Ziegler, Juan Jose"]
[Black "Campomanes Rodriguez, Javier"]
[Result "1-0"]
[WhiteElo "1510"]
[BlackElo "1726"]
[PlyCount "53"]
[EventDate "2014.11.30"]

1. d4 Nf6 2. Nf3 e6 3. Bf4 c5 4. e3 b6 5. c3 Bb7 6. Nbd2 d6 7. Bd3 Be7 8. h3
Nbd7 9. O-O O-O 10. Qe2 cxd4 11. cxd4 Nd5 12. a3 Nxf4 13. exf4 Bf6 14. Ne4 Be7
15. Nfg5 g6 16. Qg4 h5 17. Qg3 Kg7 18. Rfe1 Nf6 19. Nxf6 Bxf6 20. Nxe6+ Kh6 21.
Nxd8 Raxd8 22. Qe3 Bd5 23. g4 hxg4 24. hxg4 Bh4 25. g5+ Kg7 26. Qe7 Be6 27.
Rxe6 1-0

[Event "XVI Abierto de la Constitucion"]
[Site "San Sebastian de los Reyes"]
[Date "2014.12.07"]
[Round "8.10"]
[White "Aziz Ortego, Omar Luis"]
[Black "Morona Minguez, Miguel"]
[Result "1-0"]
[WhiteElo "2103"]
[BlackElo "1939"]
[PlyCount "43"]
[EventDate "2014.11.30"]

1. d4 Nf6 2. c4 c5 3. Nf3 g6 4. Nc3 Bg7 5. e4 cxd4 6. Nxd4 d6 7. Be2 O-O 8. Be3
b6 9. Rc1 Bb7 10. f3 Nbd7 11. Qd2 Ne5 12. g4 Rc8 13. b3 e6 14. Bg5 Qd7 15. Ndb5
d5 16. f4 Nc6 17. e5 Ne8 18. cxd5 exd5 19. Nxd5 f6 20. exf6 Nd4 21. Rxc8 Qxd5
22. Rf1 1-0

[Event "XVI Abierto de la Constitucion"]
[Site "San Sebastian de los Reyes"]
[Date "2014.12.07"]
[Round "8.11"]
[White "Garcia Lopez, Fernando"]
[Black "De La Orden Alcocer, Alejandro"]
[Result "0-1"]
[WhiteElo "1643"]
[BlackElo "1959"]
[PlyCount "89"]
[EventDate "2014.11.30"]

1. e4 Nf6 2. e5 Nd5 3. d4 d6 4. c4 Nb6 5. exd6 exd6 6. Nc3 Nc6 7. Be3 Be7 8. h3
O-O 9. Nf3 Re8 10. Be2 Bf5 11. O-O Bf6 12. b3 a5 13. a4 Nb4 14. Rc1 d5 15. c5
Nc8 16. Qd2 c6 17. Na2 Nxa2 18. Qxa2 Ne7 19. Qd2 Ng6 20. Bd3 Qd7 21. Bxf5 Qxf5
22. Qc2 Qh5 23. Qd1 Nh4 24. Nh2 Qxd1 25. Rcxd1 Nf5 26. Ng4 Nxe3 27. fxe3 Bg5
28. Rf3 h5 29. Ne5 f6 30. Ng6 Bxe3+ 31. Kf1 Re4 32. g3 Bxd4 33. Ne7+ Kf7 34.
Nxd5 cxd5 35. Rfd3 Bxc5 36. Rxd5 Bb4 37. Rd7+ Re7 38. Rxe7+ Kxe7 39. Rc1 Rd8
40. Rc4 Rd7 41. Ke2 g5 42. Rc8 Kf7 43. Rh8 Kg6 44. Rg8+ Rg7 45. Re8 0-1

[Event "XVI Abierto de la Constitucion"]
[Site "San Sebastian de los Reyes"]
[Date "2014.12.07"]
[Round "8.12"]
[White "Molina Garcia, Francisco J."]
[Black "Anton Quevedo, Andrea"]
[Result "1-0"]
[WhiteElo "1891"]
[BlackElo "1531"]
[PlyCount "41"]
[EventDate "2014.11.30"]

1. d4 Nf6 2. c4 g6 3. Nc3 d5 4. cxd5 Nxd5 5. e4 Nxc3 6. bxc3 Bg7 7. Nf3 O-O 8.
Rb1 c5 9. Be2 Nc6 10. Be3 Qa5 11. Rb5 Qxa2 12. Rxc5 Bg4 13. O-O Rfd8 14. Bc4
Qb2 15. Bxf7+ Kh8 16. Qb3 Qxb3 17. Bxb3 Rac8 18. Ng5 e6 19. Nf7+ Kg8 20. Nxd8
Rxd8 21. f3 1-0

[Event "XVI Abierto de la Constitucion"]
[Site "San Sebastian de los Reyes"]
[Date "2014.12.07"]
[Round "8.13"]
[White "Hidalgo Prado, David"]
[Black "Perez Cameselle, Francisco"]
[Result "0-1"]
[WhiteElo "1449"]
[BlackElo "1852"]
[PlyCount "128"]
[EventDate "2014.11.30"]

1. e4 c5 2. Nf3 Nc6 3. Bb5 Nf6 4. Bxc6 bxc6 5. Nc3 g6 6. O-O Bg7 7. Re1 O-O 8.
h3 d5 9. d3 Rb8 10. Rb1 Qc7 11. Bd2 e6 12. Qc1 Rb7 13. Bh6 Nd7 14. Bxg7 Kxg7
15. e5 Qd8 16. Ne2 f6 17. d4 fxe5 18. dxe5 Rxf3 19. gxf3 Nxe5 20. Kg2 Rf7 21.
f4 Nc4 22. Kg3 Nd6 23. Rh1 Ne4+ 24. Kg2 Qh4 25. Qe3 e5 26. Qf3 Nd2 27. Qg3
Qxg3+ 28. Kxg3 exf4+ 29. Nxf4 Nxb1 30. Rxb1 Re7 31. c3 g5 32. Ng2 Re2 33. h4
Bf5 34. Re1 gxh4+ 35. Kxh4 Rxf2 36. Ne3 Bg6 37. Ng4 Rxb2 38. Re7+ Kf8 39. Rxa7
Rc2 40. Ne5 Rxc3 41. Nxc6 d4 42. Ne5 d3 43. Nf3 Rc2 44. Ra3 d2 45. Nxd2 Rxd2
46. Rc3 Rxa2 47. Rxc5 Kg7 48. Rc7+ Kh6 49. Rc5 Ra4+ 50. Kg3 Rd4 51. Re5 Kg7 52.
Re7+ Kf6 53. Ra7 Ke5 54. Ra5+ Rd5 55. Ra4 Kf5 56. Rf4+ Ke5 57. Ra4 Rd3+ 58. Kf2
Rd4 59. Ra5+ Kf4 60. Ra3 Rd2+ 61. Ke1 Rb2 62. Rc3 h5 63. Rh3 Kg4 64. Ra3 h4 0-1

[Event "XVI Abierto de la Constitucion"]
[Site "San Sebastian de los Reyes"]
[Date "2014.12.07"]
[Round "8.14"]
[White "Yeves Miquel, Enrique"]
[Black "Vazquez Cabeza, Isaac"]
[Result "0-1"]
[WhiteElo "1732"]
[BlackElo "1611"]
[PlyCount "116"]
[EventDate "2014.11.30"]

1. d4 e6 2. c4 d5 3. Nc3 Nf6 4. cxd5 exd5 5. Bg5 Be7 6. e3 O-O 7. Bd3 c6 8.
Nge2 Nbd7 9. O-O Nb6 10. Qc2 h6 11. Bh4 Nh5 12. Bxe7 Qxe7 13. Bf5 Bxf5 14. Qxf5
Nf6 15. a4 Nc4 16. Qc2 Ne4 17. Nxe4 Qxe4 18. Qc3 Qg4 19. Rae1 Nd6 20. Qc2 Nf5
21. Ng3 Nxg3 22. hxg3 Rfe8 23. Qe2 Qxe2 24. Rxe2 Re4 25. Rc2 Rc8 26. b4 Re6 27.
Rfc1 Kf8 28. Kf1 Ke7 29. Ke2 Kd7 30. Kd3 g6 31. g4 Rce8 32. Rh1 g5 33. Ke2 Re4
34. Rxh6 Rxd4 35. Rh7 Rxb4 36. Rxf7+ Re7 37. Rf5 Rg7 38. Ra2 Rxg4 39. g3 Rb4
40. a5 a6 41. Rf8 Kd6 42. Rh8 Kc5 43. Rh1 g4 44. Rc1+ Kb5 45. Rh1 Re7 46. Kd2
Rf7 47. Ke2 Kc5 48. Rc1+ Kd6 49. Rh1 Re7 50. Kd3 Kc7 51. Rc1 Ree4 52. Rcc2 Rb3+
53. Kd2 Rbb4 54. Kd3 Ra4 55. Kd2 Kd6 56. Kd3 Rec4 57. Rcb2 Rxa2 58. Rxa2 Kc5
0-1

[Event "XVI Abierto de la Constitucion"]
[Site "San Sebastian de los Reyes"]
[Date "2014.12.07"]
[Round "8.15"]
[White "Infante Martin, Alonso"]
[Black "Martinez Miura, Enrique"]
[Result "0-1"]
[WhiteElo "1463"]
[BlackElo "1721"]
[PlyCount "54"]
[EventDate "2014.11.30"]

1. d4 e6 2. c4 d5 3. Nc3 Nf6 4. cxd5 exd5 5. Nf3 Be7 6. h3 O-O 7. e3 c6 8. Bd3
Nbd7 9. O-O h6 10. Re1 Re8 11. Bd2 Bf8 12. Rc1 Ne4 13. Qe2 f5 14. Rc2 Bd6 15.
Rec1 Ndf6 16. Be1 Nxc3 17. Bxc3 Ne4 18. Be1 Qf6 19. Qf1 f4 20. Re2 fxe3 21.
fxe3 Rf8 22. Bf2 Bxh3 23. gxh3 Qxf3 24. Qg2 Qh5 25. Rce1 Rf6 26. Kh1 Rg6 27.
Qf1 Qf3+ 0-1

[Event "XVI Abierto de la Constitucion"]
[Site "San Sebastian de los Reyes"]
[Date "2014.12.07"]
[Round "8.16"]
[White "Benito Mellado, Humberto"]
[Black "Minguela Muñoz, Bienvenido"]
[Result "0-1"]
[WhiteElo "1500"]
[BlackElo "1717"]
[PlyCount "84"]
[EventDate "2014.11.30"]

1. d4 Nf6 2. c4 g6 3. g3 Bg7 4. Nf3 c5 5. e3 b6 6. Bg2 Bb7 7. O-O O-O 8. b3
cxd4 9. exd4 d6 10. Nc3 Nbd7 11. Qc2 Rc8 12. Re1 Re8 13. Bb2 a6 14. a4 Qc7 15.
Re2 d5 16. Nd2 dxc4 17. Bxb7 cxb3 18. Qxb3 Qxb7 19. Rae1 e6 20. Nce4 Qb8 21.
Nc4 Nxe4 22. Rxe4 Nf6 23. R4e2 Nd5 24. Ba3 Red8 25. Bb2 Rc6 26. Ne3 Qb7 27.
Nxd5 Rxd5 28. Re4 Qc7 29. R1e2 Rc4 30. f3 Qc6 31. Qa3 Bf8 32. Qe3 Rxa4 33. Re5
Bg7 34. Rg5 Bh6 35. Rxg6+ hxg6 36. Qxh6 b5 37. g4 Rc4 38. h4 Qd6 39. f4 Rdxd4
40. Rf2 e5 41. f5 Rxg4+ 42. Rg2 Qd1+ 0-1

[Event "XVI Abierto de la Constitucion"]
[Site "San Sebastian de los Reyes"]
[Date "2014.12.07"]
[Round "8.17"]
[White "Marcos Herrero, Francisco"]
[Black "Rodriguez Bachiller, Luis"]
[Result "1/2-1/2"]
[WhiteElo "1916"]
[BlackElo "1724"]
[PlyCount "179"]
[EventDate "2014.11.30"]

1. Nf3 Nf6 2. c4 g6 3. g3 Bg7 4. Bg2 O-O 5. d4 c6 6. O-O d5 7. Nbd2 Nbd7 8. b3
Re8 9. Bb2 Qc7 10. cxd5 cxd5 11. Rc1 Qa5 12. Qc2 e6 13. Rfd1 Nf8 14. Ne5 N6d7
15. f4 Nxe5 16. dxe5 Bd7 17. Bd4 Rec8 18. Qb2 Rxc1 19. Rxc1 Rc8 20. Rxc8 Bxc8
21. Qc2 Bd7 22. Nf3 a6 23. Bf1 Qb5 24. e4 Qc6 25. Qxc6 Bxc6 26. exd5 Bxd5 27.
Nd2 Nd7 {=} 28. Nc4 Bf8 29. Kf2 Bxc4 30. Bxc4 Bc5 31. Ke3 Kf8 32. Bxc5+ Nxc5
33. Kd4 Nd7 34. a4 Ke7 35. a5 Kd8 36. b4 Kc7 37. b5 Nb8 38. bxa6 Nc6+ 39. Kc5
bxa6 40. Bxa6 Nxa5 41. Bb5 Nb7+ 42. Kb4 Nd8 43. Be8 Nc6+ 44. Kb5 Nd8 45. Ka6
Kc8 46. Kb6 Kb8 47. g4 h6 48. h3 g5 49. fxg5 hxg5 50. Bd7 Nb7 51. Kc6 Na5+ 52.
Kc5 Kc7 53. Ba4 Nb7+ 54. Kb5 Nd8 55. Kc5 Nb7+ 56. Kd4 Kb6 57. Be8 Nd8 58. Kc4
Nc6 59. Kd3 Nxe5+ 60. Ke4 f6 61. Ba4 Kc5 62. Bb3 Kd6 63. Bc2 Nd7 64. Kd4 Nb6
65. Bd3 Nd5 66. Bf1 Nf4 67. Ke4 Ng6 68. Bc4 Ke7 69. Bd3 Kf7 70. Bc4 Nh4 71. Bb3
Ng2 72. Bc4 Kg6 73. Bxe6 Nf4 74. Bf5+ Kg7 75. h4 Nh3 76. h5 Nf4 77. Kd4 Kh6 78.
Kc5 Nxh5 79. gxh5 Kxh5 80. Kd4 g4 81. Ke3 Kh4 82. Kf2 Kg5 83. Bd3 Kf4 84. Be2
f5 85. Bd1 Kg5 86. Be2 Kh4 87. Kg2 f4 88. Bd1 Kh5 89. Be2 Kg5 90. Bd1 1/2-1/2

[Event "XVI Abierto de la Constitucion"]
[Site "San Sebastian de los Reyes"]
[Date "2014.12.07"]
[Round "8.18"]
[White "Alvarez Gonzalez, Eduardo"]
[Black "Doval Mancheño, Pablo"]
[Result "1-0"]
[WhiteElo "1831"]
[BlackElo "1458"]
[PlyCount "123"]
[EventDate "2014.11.30"]

1. d4 Nf6 2. c4 e6 3. Nf3 c5 4. Nc3 b6 5. d5 d6 6. e4 Bb7 7. h3 Be7 8. Bf4 e5
9. Be3 O-O 10. Bd3 Nbd7 11. Qd2 Qc7 12. O-O Rac8 13. Nh2 a6 14. a4 Kh8 15. f4
Ne8 16. f5 g6 17. Bh6 Ng7 18. Ng4 Nf6 19. Be2 Qd7 20. Rf2 Nxe4 21. Bxg7+ Kxg7
22. Qh6+ Kh8 23. fxg6 fxg6 24. Nxe4 Rxf2 25. Ngxf2 Rf8 26. Bg4 Qd8 27. Be6 Rf4
28. g3 Bf8 29. Qg5 Be7 30. gxf4 Bxg5 31. fxg5 Kg7 32. Ng4 a5 33. Rf1 Bc8 34.
Bxc8 Qxc8 35. Rf6 Qe8 36. b3 Qe7 37. Nxd6 Kh8 38. Ne4 Kg7 39. Nh6 Qe8 40. Rf7+
Kh8 41. Rxh7+ Kxh7 42. Nf6+ Kg7 43. Nxe8+ Kf8 44. Nf6 Ke7 45. Kf2 Kd6 46. Ke3
Ke7 47. Ke4 Kd6 48. Nhg4 Ke7 49. Nxe5 b5 50. axb5 a4 51. bxa4 Kd8 52. a5 Kc7
53. Nxg6 Kd6 54. h4 Kc7 55. h5 Kb7 56. h6 Kc7 57. h7 Kd6 58. h8=Q Kc7 59. Qg7+
Kc8 60. Qd7+ Kb8 61. b6 Ka8 62. Qa7# 1-0

[Event "XVI Abierto de la Constitucion"]
[Site "San Sebastian de los Reyes"]
[Date "2014.12.07"]
[Round "8.19"]
[White "Ojosnegros Martin, Angel"]
[Black "Guzman Castro, Enrique"]
[Result "0-1"]
[WhiteElo "1501"]
[BlackElo "1610"]
[PlyCount "78"]
[EventDate "2014.11.30"]

1. e4 d5 2. exd5 Qxd5 3. Nc3 Qd8 4. Nf3 g6 5. g3 Bg7 6. Bg2 Nf6 7. Rb1 O-O 8.
O-O Bg4 9. h3 Bxf3 10. Qxf3 c6 11. b3 Qc7 12. Re1 e5 13. Bb2 Nbd7 14. d3 Rfe8
15. Na4 Rad8 16. Ba3 h6 17. g4 Nd5 18. Qg3 Nf4 19. Be4 Ne6 20. Bb2 Nf4 21. Bc1
Nf8 22. Be3 b6 23. b4 N8e6 24. Bxf4 exf4 25. Qg2 Rd6 26. b5 cxb5 27. Nb2 Bc3
28. Rec1 Ng5 29. Bb7 Rde6 30. Rf1 Nxh3+ 31. Qxh3 Qxb7 32. Qxh6 Qf3 33. g5 Qg4+
34. Kh1 f3 35. Rg1 Re1 36. Rbxe1 Rxe1 37. Qh2 Qxg1+ 38. Qxg1 Rxg1+ 39. Kxg1
Bxb2 0-1

[Event "XVI Abierto de la Constitucion"]
[Site "San Sebastian de los Reyes"]
[Date "2014.12.07"]
[Round "8.20"]
[White "De Dompablo Fantova, Juan"]
[Black "Rodenas Riesco, Alfonso"]
[Result "1-0"]
[WhiteElo "1737"]
[BlackElo "1551"]
[PlyCount "103"]
[EventDate "2014.11.30"]

1. e4 e6 2. d4 d5 3. exd5 exd5 4. Bd3 Nf6 5. Nf3 Bg4 6. O-O Be7 7. Nbd2 O-O 8.
c3 Bd6 9. h3 Bxf3 10. Nxf3 Nbd7 11. Re1 c5 12. dxc5 Nxc5 13. Bc2 Qb6 14. Nd4
Nce4 15. Qf3 Bc5 16. Rd1 Rfe8 17. g4 h6 18. h4 g5 19. hxg5 hxg5 20. Qf5 Bxd4
21. Rxd4 Qe6 22. Bxe4 Nxe4 23. Rxd5 f6 24. Qxe6+ Rxe6 25. Be3 Kg7 26. Rad1 Rae8
27. Kg2 b6 28. Rd7+ R6e7 29. Rxe7+ Rxe7 30. f3 Nc5 31. Bxc5 bxc5 32. Kf2 Rc7
33. Rd5 Kg6 34. c4 Rb7 35. b3 Rc7 36. Ke2 Re7+ 37. Kd2 Rc7 38. Kc3 Rc6 39. b4
cxb4+ 40. Kxb4 Re6 41. a4 Re3 42. Rf5 Re6 43. a5 a6 44. c5 Kf7 45. Kc4 Ke7 46.
Rd5 Rc6 47. Rd3 Re6 48. Rb3 Rc6 49. Rb6 Kd7 50. Kd5 Rxb6 51. cxb6 Kc8 52. Ke6
1-0